| 000 | 01420nem0a2200325 4500 | ||
|---|---|---|---|
| 001 | RU\NLR\cart\8250 | ||
| 005 | 20250614031145.0 | ||
| 035 | _a(NLR Aleph) 010295827 | ||
| 090 |
_a10570474 _c10570474 |
||
| 100 | _a20130304d2012 |||y0rusy50 ca | ||
| 101 | 0 | _afre | |
| 102 | _aRU | ||
| 120 | _abyy xx|| | ||
| 123 | 0 | _aa | |
| 200 | 1 |
_aАтлас основных сражений периодов Республики и Консульства, гравированный по приказу Наполеона _bКарты _fОтв. ред. Н.Н. Долгополова |
|
| 205 | _aРепр. изд. 1846 г. | ||
| 206 | _aБ. м-ба | ||
| 210 |
_aСанкт-Петербург _cАльфарет _d2012 |
||
| 215 |
_a1 атл. (37 разв. л.) _cцв. _d42х30 см, в футл. 46х83 см |
||
| 300 | _aОриг. изд.: Atlas des principales batailles de la Republique et du Consulat, grave au depot de la guerre par ordre de Napoleon. - Paris, 1846 | ||
| 509 | 0 | 1 |
_7ca _aЕвропа _92633316 _3RU\NLR\auth_crt\55133 |
| 606 | 0 |
_aВойн Наполеоновских карты _92178207 _3RU\NLR\auth_crt\66217 |
|
| 606 | 0 |
_aКарты-репродукции _92177756 _3RU\NLR\auth_crt\6619 |
|
| 620 | _aРоссия | ||
| 702 | 1 |
_aДолгополова _bН. Н. _4340 |
|
| 801 | 0 |
_aRU _bNLR _c20130304 _gPSBO |
|
| 852 |
_aNLR _bК _j4-Евр 28/1086 _m86309 |
||
| 942 | _cMAP | ||
| 980 | _aNB | ||